| 000 | 00531nam a22001937a 4500 | ||
|---|---|---|---|
| 999 |
_c31640 _d31637 |
||
| 003 | OSt | ||
| 005 | 20190409105007.0 | ||
| 008 | 190409b ||||| |||| 00| 0 eng d | ||
| 020 | _a9966219404 | ||
| 040 |
_aMMU _beng _cMMU _dMMU |
||
| 050 | _aBJ1611 .K37 2009 | ||
| 100 | _aKapena Sumbye | ||
| 245 |
_aHow to succeed : _bskills for making the best of your life / _cSumbye Kapena |
||
| 260 |
_aNairobi : _bPaulines, _c2009 |
||
| 300 | _a160 p.: | ||
| 500 | _aIncludes bibliography | ||
| 650 | _aSuccess | ||
| 942 |
_2lcc _cLOAN LOAN |
||